West Indies and Caribbean Flags - Statistics

General Stats
  • This quiz has been taken 122 times
  • The average score is 29 of 40
Answer Stats
Picture Hint Answer % Correct
Sovereign nation Antigua and Barbuda
96%
Sovereign nation Barbados
95%
Sovereign nation Cuba
95%
Sovereign nation Jamaica
95%
Sovereign nation Mexico
95%
Sovereign nation Bahamas
91%
Sovereign nation Colombia
90%
Sovereign nation Dominica
88%
Sovereign nation Panama
88%
Sovereign nation Costa Rica
87%
Sovereign nation Dominican Republic
87%
Sovereign nation Belize
86%
Sovereign nation Venezuela
85%
Sovereign nation Guatemala
83%
Sovereign nation Haiti
83%
Sovereign nation Honduras
83%
Sovereign nation Trinidad and Tobago
83%
Sovereign nation Grenada
82%
Sovereign nation Nicaragua
79%
Dependency Puerto Rico
79%
Sovereign nation Saint Lucia
79%
Sovereign nation Saint Kitts and Nevis
77%
Sovereign nation Saint Vincent and the Grenadines
76%
Dependency Aruba
73%
Dependency Curaçao
73%
Dependency U.S. Virgin Islands
71%
Dependency Anguilla
65%
Dependency Bonaire
64%
Dependency Cayman Islands
63%
Dependency British Virgin Islands
59%
Dependency Montserrat
56%
Dependency Martinique
55%
Dependency Guadeloupe
53%
Dependency Saint Martin
51%
Dependency Sint Maarten
50%
Dependency Turks and Caicos Islands
50%
Dependency Saba
45%
Dependency Saint Barthélemy
41%
Dependency Sint Eustatius
41%
Dependency Navassa Island
24%
No matching quizzes found
Score Distribution
Percent of People with Each Score
Percentile by Number Answered
Your Score History
You have not taken this quiz